Thâm Tâm và T.T.Kh /
Thâm Tâm, mấy dòng tiểu sử; Nhớ Thâm Tâm; Một số tác phẩm của Thâm Tâm..
Đã lưu trong:
| Andre forfattere: | |
|---|---|
| Format: | Bog |
| Sprog: | Vietnamese |
| Udgivet: |
Hà Nội :
Văn học,
2001.
|
| Fag: | |
| Tags: |
Tilføj Tag
Ingen Tags, Vær først til at tagge denne postø!
|
| Thư viện lưu trữ: | Mạng thư viện Đại học Đà Nẵng |
|---|
| LEADER | 01173cam a2200361 a 4500 | ||
|---|---|---|---|
| 001 | 000044488 | ||
| 003 | 2887 | ||
| 005 | 20060427091254.0 | ||
| 008 | 010220b2001 vm 000 vie | ||
| 020 | |c 24000 | ||
| 040 | |a LRC |c LRC |d LRC | ||
| 041 | 0 | |a vie | |
| 082 | 1 | 4 | |a 895.928309 |b Th-T |
| 245 | 0 | 0 | |a Thâm Tâm và T.T.Kh / |c Hoài Việt (sưu tầm). |
| 260 | |a Hà Nội : |b Văn học, |c 2001. | ||
| 300 | |a 247 tr. ; |c 19 cm. | ||
| 520 | 3 | |a Thâm Tâm, mấy dòng tiểu sử; Nhớ Thâm Tâm; Một số tác phẩm của Thâm Tâm.. | |
| 630 | 0 | 4 | |a Thâm Tâm. |
| 630 | 0 | 4 | |a T.T.Kh. |
| 650 | 0 | 4 | |a Văn học. |
| 700 | 1 | |a Hoài Việt, |e sưu tầm. | |
| OWN | |a DUT | ||
| AVA | |a UDN50 |b DUT |c Book |d 895.928309 Th-T |e available |t Error 5001 Not defined in file expand_doc_bib_avail. |f 3 |g 0 |h N |i 1 |j SH |k 1 | ||
| 999 | |a From the UDN01 | ||
| AVA | |a UDN50 |b DUT |c Book |d 895.928309 Th-T |e available |t Error 5001 Not defined in file expand_doc_bib_avail. |f 3 |g 0 |h N |i 1 |j SH |k 1 | ||
| TYP | |a Monograph | ||
| TYP | |a Printed language | ||
| 980 | |a Mạng thư viện Đại học Đà Nẵng | ||